[Event "SVK-chT 2122"]
[Site "Slovakia"]
[Date "2021.10.23"]
[Round "1.4"]
[White "Bombek, Peter"]
[Black "Tropp, Lukas"]
[Result "0-1"]
[WhiteElo "2102"]
[BlackElo "2134"]
[PlyCount "152"]
[EventDate "2021.10.23"]
[EventType "team-tourn"]
[EventRounds "11"]
[EventCountry "SVK"]
[SourceTitle "CBM 204 Extra"]
[Source "ChessBase"]
[SourceDate "2021.11.30"]
[SourceVersion "1"]
[SourceVersionDate "2021.11.30"]
[SourceQuality "1"]
[WhiteTeam "Dubnica nad Vahom"]
[BlackTeam "Kosice Slavia UPJS"]
[WhiteTeamCountry "SVK"]
[BlackTeamCountry "SVK"]

1. d4 d5 2. c4 c6 3. cxd5 cxd5 4. Nc3 Nf6 5. Bf4 a6 6. e3 e6 7. Nf3 Nc6 8. Bd3 Bd6 9. Bxd6 Qxd6 10. Rc1 0-0 11. 0-0 b5 12. a4 b4 13. Nb1 e5 14. dxe5 Nxe5 15. Be2 Bd7 16. b3 Rfe8 17. Qd4 Nc6 18. Qd3 g6 19. Rfd1 Bf5 20. Qd2 Bxb1 21. Rxb1 Ne4 22. Qc2 Nc3 23. Rbc1 Nxd1 24. Qxc6 Qxc6 25. Rxc6 Rec8 26. Nd4 Rxc6 27. Nxc6 Nc3 28. Bf3 a5 29. Ne7+ Kf8 30. Nxd5 Nxd5 31. Bxd5 Rc8 32. g4 h6 33. Kg2 Ke7 34. h4 g5 35. hxg5 hxg5 36. Kf3 Rc2 37. Kg3 f6 38. Kf3 Kd6 39. Bg8 Ke5 40. Bf7 Rc3 41. Bg8 Rc7 42. Ke2 Ke4 43. f3+ Ke5 44. Bc4 Rc8 45. Kd3 Rh8 46. Ba6 Rh3 47. Bb7 Rh7 48. Ba6 Rc7 49. Bc4 Rc8 50. Bf7 Rc1 51. Bc4 Rf1 52. Ke2 Rh1 53. Kd2 Rh2+ 54. Be2 f5 55. gxf5 Kxf5 56. Kd3 Ke5 57. Bd1 Rh1 58. Be2 Rb1 59. Kc2 Re1 60. Kd2 Ra1 61. Bd1 Kd5 62. Bc2 Rf1 63. Bd1 Rg1 64. Be2 Rg2 65. Kd3 Rf2 66. Bd1 Rf1 67. Be2 Rc1 68. Kd2 Rc3 69. Bd1 Ke5 70. Bc2 Kf6 71. Bd1 Kg6 72. Ke2 Kh5 73. Kf2 Kh4 74. e4 Kh3 75. Ke2 Kg3 76. e5 Kf4 0-1

[Event "SVK-chT2D 2122"]
[Site "Slovakia"]
[Date "2021.10.16"]
[Round "1.1"]
[White "Tropp, Lukas"]
[Black "Ihnat, Marek1111"]
[Result "1/2-1/2"]
[WhiteElo "2145"]
[BlackElo "2080"]
[PlyCount "85"]
[EventDate "2021.10.16"]
[EventType "team-tourn"]
[EventRounds "11"]
[EventCountry "SVK"]
[SourceTitle "EXT 2023"]
[Source "ChessBase"]
[SourceDate "2022.10.05"]
[SourceVersion "1"]
[SourceVersionDate "2022.10.05"]
[SourceQuality "1"]
[WhiteTeam "Kosice Slavia TU IV"]
[BlackTeam "Michalovce Zemplin II"]
[WhiteTeamCountry "SVK"]
[BlackTeamCountry "SVK"]

1. Nf3 Nf6 2. g3 g6 3. Bg2 Bg7 4. 0-0 0-0 5. d3 d5 6. Nbd2 c5 7. e4 Nc6 8. Re1 d4 9. e5 Nd5 10. h3 h6 11. Qe2 Be6 12. Nb3 b6 13. Bd2 Rc8 14. Rad1 Qd7 15. Kh2 Qc7 16. c3 dxc3 17. bxc3 Rfd8 18. d4 cxd4 19. Nbxd4 Nxd4 20. Nxd4 Nxc3 21. Nxe6 fxe6 22. Bxc3 Rxd1 23. Rxd1 Qxc3 24. Qg4 Qxe5 25. Qxg6 Qf5 26. Qxf5 exf5 27. Rd7 Kf8 28. Rxa7 Bd4 29. Ra4 Bxf2 30. Rf4 Rc2 31. Rxf5+ Kg7 32. a4 Bc5 33. h4 Bd6 34. Kh3 Rc3 35. Rf3 Rc4 36. Rf7+ Kh8 37. Bd5 Rxa4 38. h5 Ra5 39. Rf8+ Kg7 40. Rf7+ Kh8 41. Rf8+ Kg7 42. Rf7+ Kh8 43. Rf8+ 1/2-1/2

[Event "SVK-chT1E 1920"]
[Site "Slovakia"]
[Date "2020.02.23"]
[Round "9.6"]
[White "Slivka, David"]
[Black "Tropp, Lukas"]
[Result "1/2-1/2"]
[WhiteElo "1910"]
[BlackElo "2123"]
[PlyCount "150"]
[EventDate "2019.10.12"]
[EventType "team-tourn"]
[EventRounds "11"]
[EventCountry "SVK"]
[SourceTitle "CBM 195 Extra"]
[Source "ChessBase"]
[SourceDate "2020.05.31"]
[SourceVersion "1"]
[SourceVersionDate "2020.05.31"]
[SourceQuality "1"]
[WhiteTeam "Kysucke Nove Mesto"]
[BlackTeam "Kosice Slavia TU II"]
[WhiteTeamCountry "SVK"]
[BlackTeamCountry "SVK"]

1. d4 Nf6 2. Nf3 e6 3. Bg5 d5 4. c4 Be7 5. Nc3 0-0 6. e3 b6 7. cxd5 exd5 8. Qb3 Bb7 9. Be2 Nbd7 10. 0-0 c5 11. Rac1 c4 12. Qc2 a6 13. Nd2 b5 14. a3 h6 15. Bf4 Qb6 16. Rcd1 Rfd8 17. e4 dxe4 18. Ndxe4 Nxe4 19. Nxe4 Nf6 20. Bf3 Bd5 21. Rfe1 Rd7 22. Be5 Rad8 23. h3 Nxe4 24. Bxe4 Bxe4 25. Qxe4 Bf6 26. Qg4 Rd5 27. Bxf6 Qxf6 28. Re4 Qc6 29. Qf3 Qd6 30. Qe3 Kh7 31. h4 f5 32. Re6 Qd7 33. Re7 Qc6 34. Re6 R8d6 35. Rxd6 Qxd6 36. g3 a5 37. Qc3 f4 38. Kg2 fxg3 39. fxg3 Qg6 40. Rd2 Qe4+ 41. Qf3 Qe6 42. Re2 Qd7 43. Rd2 b4 44. axb4 axb4 45. Qe4+ Kg8 46. Qe3 Qc6 47. Qf3 Qd6 48. Qe3 Qg6 49. Qf3 Rf5 50. Qa8+ Kh7 51. Qc8 Qg4 52. Qc6 Rf6 53. Qxc4 Rf3 54. Qc7 b3 55. Qe5 Rf6 56. Qe3 Kh8 57. d5 Qb4 58. d6 Qb7+ 59. Kh2 Rf1 60. Rg2 Qd5 61. Qe8+ Kh7 62. d7 Rd1 63. d8Q Qxd8 64. Qxd8 Rxd8 65. Rf2 Rd1 66. Kh3 Rb1 67. Kg4 g6 68. Kf4 Kg7 69. Ke4 h5 70. Kd4 g5 71. Kc3 gxh4 72. gxh4 Rh1 73. Rf4 Rh3+ 74. Kb4 Kg6 75. Kc4 Kg7 1/2-1/2

[Event "SVK-chT2D 1920"]
[Site "Slovakia"]
[Date "2020.02.16"]
[Round "9.2"]
[White "Tropp, Lukas"]
[Black "Pacholsky, Martin"]
[Result "1-0"]
[WhiteElo "2123"]
[BlackElo "2002"]
[PlyCount "71"]
[EventDate "2019.10.26"]
[EventType "team-tourn"]
[EventRounds "11"]
[EventCountry "SVK"]
[SourceTitle "CBM 195 Extra"]
[Source "ChessBase"]
[SourceDate "2020.05.31"]
[SourceVersion "1"]
[SourceVersionDate "2020.05.31"]
[SourceQuality "1"]
[WhiteTeam "Kosice Slavia TU IV"]
[BlackTeam "Margecany"]
[WhiteTeamCountry "SVK"]
[BlackTeamCountry "SVK"]

1. e4 e6 2. Nf3 d5 3. Nc3 dxe4 4. Nxe4 Bd7 5. d4 Bc6 6. Bd3 Nd7 7. c3 Be7 8. Bd2 Ngf6 9. Nxf6+ Bxf6 10. Qe2 Bxf3 11. Qxf3 c6 12. 0-0 0-0 13. Rad1 Qb6 14. Bc1 Rfd8 15. Qh3 Nf8 16. Bc4 Rd7 17. Rd3 Rad8 18. Rfd1 Qc7 19. b4 b5 20. Bb3 a6 21. Qf3 Be7 22. Qe4 Bd6 23. g3 Ng6 24. Rf3 Nf8 25. a3 Ng6 26. h4 Nf8 27. Re1 Be7 28. Qg4 Bd6 29. Bh6 g6 30. h5 Re8 31. Kg2 a5 32. hxg6 Nxg6 33. Bg5 Be7 34. Rxf7 Bxg5 35. Rxd7 Qxd7 36. Rxe6 1-0

[Event "SVK-chT 1920"]
[Site "Slovakia"]
[Date "2020.01.18"]
[Round "5.1"]
[White "Danada, Tomas"]
[Black "Tropp, Lukas"]
[Result "1-0"]
[WhiteElo "2263"]
[BlackElo "2123"]
[PlyCount "89"]
[EventDate "2019.10.19"]
[EventType "team-tourn"]
[EventRounds "11"]
[EventCountry "SVK"]
[SourceTitle "CBM 194 Extra"]
[Source "ChessBase"]
[SourceDate "2020.03.31"]
[SourceVersion "1"]
[SourceVersionDate "2020.03.31"]
[SourceQuality "1"]
[WhiteTeam "Prakovce"]
[BlackTeam "Kosice Slavia UPJS"]
[WhiteTeamCountry "SVK"]
[BlackTeamCountry "SVK"]

1. Nf3 Nf6 2. e3 g6 3. b4 Bg7 4. Bb2 a5 5. b5 d6 6. Be2 e5 7. d4 e4 8. Nfd2 0-0 9. c4 Re8 10. g4 c5 11. dxc5 Nxg4 12. Bxg7 Nxf2 13. Kxf2 Qh4+ 14. Kg1 Qg5+ 15. Kf2 Kxg7 16. Na3 Qh4+ 17. Kg1 Re5 18. Nf1 Rg5+ 19. Ng3 Rxg3+ 20. hxg3 Qxg3+ 21. Kf1 Bh3+ 22. Rxh3 Qxh3+ 23. Ke1 Qxe3 24. Nc2 Qg1+ 25. Kd2 Qxc5 26. Kc3 Nd7 27. Qd4+ Qxd4+ 28. Kxd4 f5 29. Kd5 Nf6+ 30. Kxd6 Rd8+ 31. Kc7 Rd7+ 32. Kb6 Rd2 33. Bd1 f4 34. Kxb7 e3 35. Ne1 e2 36. Bxe2 Rxe2 37. c5 g5 38. c6 Re7+ 39. c7 Ne8 40. b6 g4 41. Kc6 Re6+ 42. Kd5 Nxc7+ 43. bxc7 Re8 44. Rc1 f3 45. Nxf3 1-0

[Event "SVK-chT2D 1920"]
[Site "Slovakia"]
[Date "2019.12.15"]
[Round "6.1"]
[White "Tropp, Lukas"]
[Black "Balazs, Attila2222"]
[Result "1-0"]
[WhiteElo "2123"]
[BlackElo "2009"]
[PlyCount "81"]
[EventDate "2019.10.26"]
[EventType "team-tourn"]
[EventRounds "11"]
[EventCountry "SVK"]
[SourceTitle "CBM 194 Extra"]
[Source "ChessBase"]
[SourceDate "2020.03.31"]
[SourceVersion "1"]
[SourceVersionDate "2020.03.31"]
[SourceQuality "1"]
[WhiteTeam "Kosice Slavia TU IV"]
[BlackTeam "Moldava nad Bodvou"]
[WhiteTeamCountry "SVK"]
[BlackTeamCountry "SVK"]

1. e4 c5 2. Nf3 Nc6 3. Bb5 a6 4. Bxc6 bxc6 5. 0-0 d5 6. d3 Bg4 7. h3 Bh5 8. Nbd2 e6 9. b3 Be7 10. Bb2 Bf6 11. e5 Bg5 12. Qe1 Be7 13. Qe2 g5 14. g4 Bg6 15. Kg2 h5 16. Rh1 Qa5 17. a3 Nh6 18. b4 cxb4 19. Nd4 Qb6 20. axb4 c5 21. N4b3 Qxb4 22. Ba3 Qb6 23. Rhb1 Qc7 24. Nf1 hxg4 25. hxg4 Nxg4 26. Qxg4 Rh4 27. Qg3 Bf5 28. f3 c4 29. Bxe7 Qxe7 30. Nd4 Rxd4 31. Ne3 Bg6 32. Rxa6 Rc8 33. Ng4 cxd3 34. Nf6+ Kf8 35. Qxg5 Rxc2+ 36. Kg3 Qd8 37. Rd6 Qc8 38. Rb8 Kg7 39. Rd8 Rg2+ 40. Kxg2 Qc2+ 41. Kg3 1-0

[Event "SVK-chT2D 1819"]
[Site "Slovakia"]
[Date "2019.04.06"]
[Round "10.2"]
[White "Tropp, Lukas"]
[Black "Turzak, Milan1111"]
[Result "1-0"]
[WhiteElo "2095"]
[BlackElo "1960"]
[PlyCount "101"]
[EventDate "2018.10.13"]
[EventType "team-tourn"]
[EventRounds "11"]
[EventCountry "SVK"]
[SourceTitle "EXT 2020"]
[Source "ChessBase"]
[SourceDate "2019.10.17"]
[SourceVersion "1"]
[SourceVersionDate "2019.10.17"]
[SourceQuality "1"]
[WhiteTeam "Kosice Slavia TU IV"]
[BlackTeam "Margecany"]
[WhiteTeamCountry "SVK"]
[BlackTeamCountry "SVK"]

1. d4 Nf6 2. Nf3 d5 3. Bf4 g6 4. h3 Bg7 5. e3 0-0 6. Bd3 Re8 7. Nbd2 Nc6 8. Bb5 Bd7 9. 0-0 Nh5 10. Bh2 a6 11. Be2 Nf6 12. c4 e6 13. Rc1 Rc8 14. Qb3 Na5 15. Qb4 c6 16. c5 b5 17. cxb6 Nb7 18. Bxa6 Bf8 19. Qb3 Na5 20. Qc3 Qxb6 21. Bxc8 Bxc8 22. a3 Ba6 23. b4 Nc4 24. Rfe1 Ra8 25. Nxc4 Bxc4 26. Ne5 Bb5 27. f3 Ra6 28. Ra1 Qa7 29. Rec1 Ne8 30. a4 Rxa4 31. Rxa4 Qxa4 32. Nxc6 Bxc6 33. Qxc6 Qxc6 34. Rxc6 Bxb4 35. Rc8 Kf8 36. Kf2 Be7 37. e4 f5 38. exd5 exd5 39. Be5 Kf7 40. Ra8 Bh4+ 41. Ke2 Bg5 42. Ra7+ Be7 43. Kd3 Ke6 44. Ra6+ Kf7 45. Kc3 h6 46. Kb3 Nf6 47. Bxf6 Bxf6 48. Rxf6+ Kxf6 49. Kb4 g5 50. Kc5 Ke6 51. g4 1-0

[Event "SVK-chT1E 1819"]
[Site "Slovakia"]
[Date "2019.02.24"]
[Round "9.2"]
[White "Tropp, Lukas"]
[Black "Pacher, Milan"]
[Result "0-1"]
[WhiteElo "2110"]
[BlackElo "2393"]
[PlyCount "56"]
[EventDate "2018.10.27"]
[EventType "team-tourn"]
[EventRounds "11"]
[EventCountry "SVK"]
[SourceTitle "CBM 189 Extra"]
[Source "ChessBase"]
[SourceDate "2019.06.03"]
[SourceVersion "1"]
[SourceVersionDate "2019.06.03"]
[SourceQuality "1"]
[WhiteTeam "Kosice Slavia TU II"]
[BlackTeam "Dunajov Inbest II"]
[WhiteTeamCountry "SVK"]
[BlackTeamCountry "SVK"]

1. d4 Nf6 2. Nf3 g6 3. Bf4 Bg7 4. e3 d6 5. Be2 Nh5 6. 0-0 Nxf4 7. exf4 c5 8. c3 cxd4 9. Nxd4 Nc6 10. Nxc6 bxc6 11. Bf3 d5 12. Re1 0-0 13. Nd2 e6 14. Rc1 Qa5 15. a4 Rb8 16. b4 Qc7 17. g3 a5 18. b5 cxb5 19. axb5 Rxb5 20. c4 dxc4 21. Rxc4 Rc5 22. Qa4 Rd8 23. Rxc5 Qxc5 24. Ne4 Qb6 25. Rd1 Rxd1+ 26. Bxd1 Kf8 27. Bb3 Bb7 28. h4 Bxe4 0-1

[Event "SVK-chT1E 1819"]
[Site "Slovakia"]
[Date "2019.01.12"]
[Round "5.2"]
[White "Tropp, Lukas"]
[Black "Dovzik, Juri"]
[Result "0-1"]
[WhiteElo "2110"]
[BlackElo "2262"]
[PlyCount "174"]
[EventDate "2018.10.27"]
[EventType "team-tourn"]
[EventRounds "11"]
[EventCountry "SVK"]
[SourceTitle "CBM 188 Extra"]
[Source "ChessBase"]
[SourceDate "2019.02.26"]
[SourceVersion "1"]
[SourceVersionDate "2019.02.26"]
[SourceQuality "1"]
[WhiteTeam "Kosice Slavia TU II"]
[BlackTeam "Kosice Slavia UPJS"]
[WhiteTeamCountry "SVK"]
[BlackTeamCountry "SVK"]

1. d4 Nf6 2. Nf3 d5 3. Bf4 e6 4. e3 c5 5. c3 Nc6 6. Nbd2 Bd6 7. Bg3 0-0 8. Bd3 Re8 9. Ne5 Bf8 10. Bh4 cxd4 11. exd4 Be7 12. Qe2 Nxe5 13. dxe5 Nd7 14. Bxe7 Qxe7 15. 0-0 Nc5 16. Bc2 b6 17. Rfd1 Ba6 18. Qe3 Rac8 19. Nf3 Nd7 20. Rd4 Nf8 21. Rad1 Rc4 22. Rxc4 dxc4 23. Qd4 Bb7 24. Be4 Rc8 25. Bxb7 Qxb7 26. h3 h6 27. Qd6 Rc6 28. Qd2 Rc5 29. Qd8 Rc8 30. Qd6 Rc6 31. Qb4 Rc5 32. Rd4 Qc7 33. Qa4 b5 34. Qd1 g5 35. h4 Ng6 36. hxg5 hxg5 37. Rd7 Qc6 38. Rd8+ Kg7 39. Nxg5 Rxe5 40. Qd4 Qc5 41. Qxc5 Rxc5 42. Ne4 Re5 43. f3 Nf4 44. Rd7 Kg6 45. g3 Nd3 46. b3 f5 47. Nd6 Rd5 48. bxc4 bxc4 49. Rd8 Nc1 50. Rd7 Ne2+ 51. Kf2 Nxc3 52. Nxc4 Rxd7 53. Ne5+ Kg7 54. Nxd7 Nxa2 55. Nc5 Kf6 56. Ke3 Nc3 57. Na6 e5 58. Kd3 Nd5 59. Nc5 Nb4+ 60. Ke3 a5 61. g4 Nd5+ 62. Kd3 Nb6 63. Ke3 a4 64. Kd3 Kg5 65. Ne6+ Kf6 66. Nc5 Kg6 67. Kc3 Kg5 68. Ne6+ Kf6 69. Nc5 fxg4 70. fxg4 Kg5 71. Kd3 Kf4 72. Ne6+ Kxg4 73. Ke4 Nd7 74. Nc7 Nc5+ 75. Kxe5 a3 76. Nd5 a2 77. Ne3+ Kf3 78. Nc2 Ke2 79. Kd4 Kd2 80. Na1 Na4 81. Kc4 Kc1 82. Kb3 Kb1 83. Nc2 Nc5+ 84. Kc3 Ne4+ 85. Kb3 Nd2+ 86. Kc3 Nf3 87. Kb3 Nd4+ 0-1

[Event "SVK-chT1E 1617"]
[Site "Slovakia"]
[Date "2017.02.26"]
[Round "9.8"]
[White "Tropp, Lukas"]
[Black "Feco, Jan"]
[Result "1-0"]
[WhiteElo "2118"]
[BlackElo "1806"]
[PlyCount "145"]
[EventDate "2016.10.15"]
[EventType "team-tourn"]
[EventRounds "11"]
[EventCountry "SVK"]
[SourceTitle "EXT 2018"]
[Source "ChessBase"]
[SourceDate "2017.10.13"]
[SourceVersion "1"]
[SourceVersionDate "2017.10.13"]
[SourceQuality "1"]
[WhiteTeam "Kosice Slavia TU"]
[BlackTeam "Jelsava Magnezit"]
[WhiteTeamCountry "SVK"]
[BlackTeamCountry "SVK"]

1. e4 e5 2. Nf3 Nc6 3. Bb5 a6 4. Ba4 Nf6 5. 0-0 Be7 6. d4 b5 7. Bb3 d6 8. h3 0-0 9. Re1 h6 10. c3 Bb7 11. Nbd2 exd4 12. cxd4 Rc8 13. Nf1 Na5 14. Bc2 Nc4 15. Ng3 Re8 16. a4 c6 17. Qd3 Bf8 18. b3 Nb6 19. a5 Na8 20. Nh4 c5 21. dxc5 dxc5 22. Qf3 Rc7 23. Nhf5 Rd7 24. Bb2 Rd2 25. Rad1 Nh7 26. Nxh6+ gxh6 27. Qc3 Rd4 28. Nf5 b4 29. Qg3+ Qg5 30. Qxg5+ Nxg5 31. Nxd4 cxd4 32. Bxd4 Nc7 33. Bf6 Nxe4 34. Bxe4 Bxe4 35. Rd4 Bc6 36. Rxe8 Nxe8 37. Be5 f6 38. Bf4 Bb5 39. Bd2 Kf7 40. Bxb4 Bxb4 41. Rxb4 Nd6 42. f3 f5 43. Kf2 Kf6 44. Rh4 Nf7 45. Ke3 Ke5 46. Rb4 Nd6 47. f4+ Kd5 48. Rd4+ Kc6 49. g4 Bf1 50. g5 hxg5 51. fxg5 Bxh3 52. g6 f4+ 53. Rxf4 Be6 54. b4 Kd5 55. Rf8 Nc4+ 56. Kf4 Nb2 57. Rd8+ Kc6 58. Ke5 Bb3 59. g7 Nc4+ 60. Kd4 Nd6 61. g8Q Bxg8 62. Rxg8 Nb5+ 63. Kc4 Nd6+ 64. Kb3 Nf5 65. Rg6+ Kb7 66. Rb6+ Ka7 67. Rf6 Ne3 68. Rf7+ Ka8 69. Rh7 Kb8 70. b5 axb5 71. Kb4 Nc2+ 72. Kxb5 Nd4+ 73. Kb6 1-0

[Event "SVK-chT1E 1617"]
[Site "Slovakia"]
[Date "2017.02.25"]
[Round "8.8"]
[White "Turcan, Richard"]
[Black "Tropp, Lukas"]
[Result "1-0"]
[WhiteElo "2118"]
[BlackElo "2118"]
[PlyCount "95"]
[EventDate "2016.10.15"]
[EventType "team-tourn"]
[EventRounds "11"]
[EventCountry "SVK"]
[SourceTitle "EXT 2018"]
[Source "ChessBase"]
[SourceDate "2017.10.13"]
[SourceVersion "1"]
[SourceVersionDate "2017.10.13"]
[SourceQuality "1"]
[WhiteTeam "Banska Bystrica Junior"]
[BlackTeam "Kosice Slavia TU"]
[WhiteTeamCountry "SVK"]
[BlackTeamCountry "SVK"]

1. e4 e5 2. Nf3 Nc6 3. Bc4 Nf6 4. Ng5 d5 5. exd5 Na5 6. Bb5+ c6 7. dxc6 bxc6 8. Qf3 Bb7 9. Bd3 h6 10. Ne4 Nd5 11. a3 Nf4 12. Bf1 f5 13. Qc3 Qd5 14. Ng3 0-0-0 15. d3 Nxg2+ 16. Bxg2 Qxg2 17. Qxa5 f4 18. Rf1 fxg3 19. hxg3 Rd5 20. Qa4 Qf3 21. Qe4 Qf6 22. Nc3 Rd4 23. Qh1 c5 24. Qh3+ Kb8 25. Be3 Qb6 26. 0-0-0 Bf3 27. Rde1 Bg4 28. Qg2 Rd7 29. Qe4 h5 30. f3 Bh3 31. Rh1 Qe6 32. Bf2 Bd6 33. Kb1 Bf5 34. Qc4 Qg6 35. g4 Be6 36. Qe4 Qf7 37. Bxc5 Bc7 38. Nb5 Bd5 39. Qb4 a5 40. Qc3 Bxf3 41. Rxh5 Rxh5 42. gxh5 Rd5 43. Rf1 e4 44. Ba7+ Kb7 45. Qb3 exd3 46. Nd6+ Kc6 47. Nxf7 d2 48. Qxf3 1-0

[Event "SVK-chT1E 1617"]
[Site "Slovakia"]
[Date "2016.11.20"]
[Round "4.8"]
[White "Belus, Benjamin"]
[Black "Tropp, Lukas"]
[Result "0-1"]
[WhiteElo "1917"]
[BlackElo "2118"]
[PlyCount "76"]
[EventDate "2016.10.15"]
[EventType "team-tourn"]
[EventRounds "11"]
[EventCountry "SVK"]
[SourceTitle "EXT 2018"]
[Source "ChessBase"]
[SourceDate "2017.10.13"]
[SourceVersion "1"]
[SourceVersionDate "2017.10.13"]
[SourceQuality "1"]
[WhiteTeam "Kezmarok"]
[BlackTeam "Kosice Slavia TU"]
[WhiteTeamCountry "SVK"]
[BlackTeamCountry "SVK"]

1. e4 e5 2. Nf3 Nc6 3. Bc4 Nf6 4. Nc3 Be7 5. 0-0 0-0 6. Re1 d6 7. h3 Na5 8. Bf1 c5 9. d3 Nc6 10. Bg5 Be6 11. Bxf6 Bxf6 12. Nd5 g6 13. c4 Bg7 14. Qd2 f5 15. Rac1 fxe4 16. dxe4 Bxh3 17. Nxe5 Bxe5 18. gxh3 Bd4 19. Re2 Qh4 20. Nc7 Ne5 21. Bg2 Nf3+ 22. Bxf3 Rxf3 23. Rc3 Qg3+ 24. Kf1 Qxh3+ 25. Kg1 Be5 26. Qd5+ Kh8 27. Qxe5+ dxe5 28. Nxa8 Rxc3 29. bxc3 Qc8 30. Rd2 Qxa8 31. Rd5 Qe8 32. Rxc5 Qe7 33. Rd5 Kg7 34. c5 Kf6 35. f3 Kg5 36. a4 Kf4 37. a5 Kxf3 38. a6 Qg5+ 0-1

[Event "SVK-chT2D 1617"]
[Site "Slovakia"]
[Date "2016.10.09"]
[Round "2.3"]
[White "Tropp, Lukas"]
[Black "Panko, Radoslav"]
[Result "1-0"]
[WhiteElo "2118"]
[BlackElo "1903"]
[PlyCount "123"]
[EventDate "2016.10.08"]
[EventType "team-tourn"]
[EventRounds "11"]
[EventCountry "SVK"]
[SourceTitle "EXT 2018"]
[Source "ChessBase"]
[SourceDate "2017.10.13"]
[SourceVersion "1"]
[SourceVersionDate "2017.10.13"]
[SourceQuality "1"]
[WhiteTeam "Kosice Slavia TU IV"]
[BlackTeam "Bardejov II"]
[WhiteTeamCountry "SVK"]
[BlackTeamCountry "SVK"]

1. e4 e6 2. Qe2 Nc6 3. Nf3 e5 4. g3 Bc5 5. Bg2 d6 6. c3 Nf6 7. 0-0 0-0 8. b4 Bb6 9. a4 a5 10. b5 Ne7 11. Na3 Be6 12. d3 Ng6 13. Nc2 Qd7 14. Be3 Bxe3 15. Nxe3 Bh3 16. Bxh3 Qxh3 17. Ng5 Qh6 18. Nf3 Qh3 19. Rfe1 Ng4 20. Nf5 Rae8 21. Qf1 Qh5 22. h3 Nh6 23. g4 Nxg4 24. hxg4 Qxg4+ 25. Qg2 Qxg2+ 26. Kxg2 Nf4+ 27. Kg3 Nxd3 28. Red1 Nc5 29. Nd2 g6 30. Ne3 f5 31. exf5 gxf5 32. Kh2 Re6 33. Rg1+ Kh8 34. Ndc4 b6 35. Nd5 Rf7 36. Rg2 Rh6+ 37. Kg1 Rh4 38. Nb2 Ne4 39. f3 f4 40. fxe4 f3 41. Rg3 Rxe4 42. Rf1 Re2 43. Nd1 e4 44. N1e3 h5 45. Rg5 Rg7 46. Rxg7 Kxg7 47. Rf2 Re1+ 48. Kh2 Kg6 49. Nc2 Rd1 50. Nd4 Kg5 51. Nxc7 Kf4 52. Nd5+ Ke5 53. Nxb6 Rxd4 54. cxd4+ Kxd4 55. Nc4 Kxc4 56. b6 Kd4 57. b7 e3 58. Rxf3 e2 59. b8Q e1Q 60. Qxd6+ Kc4 61. Qd3+ Kc5 62. Rf5+ 1-0

[Event "SVK-chT2D 1516"]
[Site "Slovakia"]
[Date "2015.11.08"]
[Round "4.6"]
[White "Tropp, Lukas"]
[Black "Panko, Eduard"]
[Result "1-0"]
[WhiteElo "2081"]
[BlackElo "1956"]
[PlyCount "113"]
[EventDate "2015.10.17"]
[EventType "team-tourn"]
[EventRounds "11"]
[EventCountry "SVK"]
[SourceTitle "CBM 169 Extra"]
[Source "ChessBase"]
[SourceDate "2015.12.18"]
[SourceVersion "1"]
[SourceVersionDate "2015.12.18"]
[SourceQuality "1"]
[WhiteTeam "Kosice Slavia IV"]
[BlackTeam "Bardejov II"]
[WhiteTeamCountry "SVK"]
[BlackTeamCountry "SVK"]

1. Nf3 Nf6 2. c4 e6 3. g3 d5 4. b3 Bc5 5. Bg2 c6 6. 0-0 Nbd7 7. Qc2 h6 8. e3 0-0 9. Bb2 Bb6 10. d3 Re8 11. Nc3 Nf8 12. Rac1 Ng6 13. Na4 Bc7 14. b4 Qe7 15. a3 e5 16. cxd5 Nxd5 17. Nd2 Nb6 18. Nc5 a6 19. Ndb3 Nd7 20. a4 Nxc5 21. Nxc5 Bd6 22. Qc4 Nf8 23. Rfe1 Nd7 24. Qc3 Nb6 25. Qb3 Be6 26. Qc2 Nd5 27. Ba3 Bg4 28. Qb3 b6 29. h3 Bh5 30. Ne4 Bxb4 31. Rxc6 Bxa3 32. Qxd5 Rad8 33. Qb3 Bc5 34. Nxc5 bxc5 35. Rxa6 Rd6 36. Rxd6 Qxd6 37. Rc1 Bg6 38. Qc3 Rd8 39. Qxc5 Bxd3 40. Qxd6 Rxd6 41. Rd1 Kf8 42. Be4 Ra6 43. Bxd3 Rxa4 44. Kg2 g6 45. g4 Ke7 46. Kg3 Ke6 47. Rb1 Ra7 48. Be4 Ra6 49. Rc1 Ra7 50. Rc6+ Kd7 51. Rb6 Kc7 52. Rf6 Kd8 53. Bd5 Ke8 54. Rb6 Ra5 55. Rb8+ Kd7 56. Bxf7 Ra6 57. Rg8 1-0

[Event "SVK-chT2D 1516"]
[Site "Slovakia"]
[Date "2015.10.17"]
[Round "1.5"]
[White "Kosturko, Stefan"]
[Black "Tropp, Lukas"]
[Result "0-1"]
[WhiteElo "1819"]
[BlackElo "2081"]
[PlyCount "72"]
[EventDate "2015.10.17"]
[EventType "team-tourn"]
[EventRounds "11"]
[EventCountry "SVK"]
[SourceTitle "CBM 169 Extra"]
[Source "ChessBase"]
[SourceDate "2015.12.18"]
[SourceVersion "1"]
[SourceVersionDate "2015.12.18"]
[SourceQuality "1"]
[WhiteTeam "Stara Lubovna SO II"]
[BlackTeam "Kosice Slavia IV"]
[WhiteTeamCountry "SVK"]
[BlackTeamCountry "SVK"]

1. c4 Nf6 2. Nc3 e5 3. Nf3 Nc6 4. g3 Bc5 5. Bg2 0-0 6. d3 h6 7. 0-0 d6 8. Na4 Bb6 9. Nxb6 axb6 10. e4 Bg4 11. Be3 Qd7 12. a3 Qe6 13. Qd2 Bxf3 14. Bxf3 Ng4 15. b4 Nxe3 16. fxe3 Ne7 17. Qe2 Qd7 18. Bg4 Qa4 19. Qd1 Qxd1 20. Rfxd1 Ra7 21. Rd2 Rfa8 22. Rf2 Rxa3 23. Rxa3 Rxa3 24. Rd2 g6 25. b5 Kg7 26. Bh3 c6 27. Bd7 d5 28. exd5 cxd5 29. cxd5 Nxd5 30. Kf2 Rb3 31. d4 Nf6 32. dxe5 Ne4+ 33. Ke1 Nxd2 34. Kxd2 Kf8 35. e6 fxe6 36. Bxe6 Rxb5 0-1

[Event "SVK-chT2D 14/15"]
[Site "Slovakia"]
[Date "2014.11.09"]
[Round "4.2"]
[White "Bednar, Milan"]
[Black "Tropp, Lukas"]
[Result "1-0"]
[WhiteElo "2184"]
[BlackElo "2075"]
[PlyCount "67"]
[EventDate "2014.10.11"]
[EventType "team-tourn"]
[EventRounds "11"]
[EventCountry "SVK"]
[SourceTitle "EXT 2019"]
[Source "ChessBase"]
[SourceDate "2018.10.10"]
[SourceVersion "1"]
[SourceVersionDate "2018.10.10"]
[SourceQuality "1"]
[WhiteTeam "Bardejov BSK"]
[BlackTeam "Kosice Slavia TU IV"]
[WhiteTeamCountry "SVK"]
[BlackTeamCountry "SVK"]

1. d4 Nf6 2. Nf3 e6 3. g3 d5 4. Bg2 Be7 5. c4 0-0 6. 0-0 b6 7. Nc3 Bb7 8. cxd5 exd5 9. Bf4 c6 10. Rc1 Nbd7 11. Qd3 c5 12. Rfd1 c4 13. Qf5 g6 14. Qb1 a6 15. a4 Re8 16. Ne5 Nf8 17. Nxc4 Ne6 18. Be5 b5 19. axb5 axb5 20. Ne3 b4 21. Bxf6 Bxf6 22. Ncxd5 Bxd4 23. Rc4 Bxe3 24. Nxe3 Qe7 25. Bxb7 Qxb7 26. Nd5 Qb5 27. b3 Red8 28. e4 Ra3 29. Qb2 h6 30. Nf6+ Kf8 31. Rxd8+ Nxd8 32. Rc8 Qa5 33. Qd4 Ke7 34. Nd5+ 1-0